000 00508nmm a2200181Ia 4500
008 251105s9999||||xx |||||||||||||||||und||
041 _aspa
100 _aSheridan, Mia
245 0 _aKyland
264 _a[Madrid, España] :
_bEdiciones Pàmies,
_c[Fecha de publicación no identificada]
300 _a304 páginas
490 _aPhoebe
650 _aRomance
700 _aSheridan, Mia
700 1 _a Losada Rey, Maria José
856 _uhttps://public.digitaliapublishing.com/a/84800
942 _cCF
999 _c71373
_d71373